MARC details
| 000 -LEADER |
| fixed length control field |
01195nam a2200241 a 4500 |
| 008 - FIXED-LENGTH DATA ELEMENTS--GENERAL INFORMATION |
| fixed length control field |
120416s1994 ||||||||||||||||| || u |
| 020 ## - INTERNATIONAL STANDARD BOOK NUMBER |
| International Standard Book Number |
1555874495 |
| 050 ## - LIBRARY OF CONGRESS CALL NUMBER |
| Classification number |
HC 800 Pol |
| 100 ## - MAIN ENTRY--PERSONAL NAME |
| Personal name |
Picard, Louis A |
| 245 10 - TITLE STATEMENT |
| Title |
Policy reform for sustainable development in Africa: the institutional imperative |
| Statement of responsibility, etc. |
edited by L. A. Picard |
| 260 ## - PUBLICATION, DISTRIBUTION, ETC. |
| Place of publication, distribution, etc. |
London: |
| Name of publisher, distributor, etc. |
Lynne Rienner Publishers |
| Date of publication, distribution, etc. |
1994 |
| 300 ## - PHYSICAL DESCRIPTION |
| Extent |
xiii, 183p. |
| 350 ## - PRICE (NR) (BK AM CF MU VM SE) [OBSOLETE] |
| Price |
0.00 |
| 500 ## - GENERAL NOTE |
| General note |
"A project of the IISA, Institut international des sciences administratives = IIAS, International Institute of Administrative Sciences." -Includes bibliographical references and index. |
| 650 #0 - SUBJECT ADDED ENTRY--TOPICAL TERM |
| Topical term or geographic name entry element |
ECONOMICS |
| 650 ## - SUBJECT ADDED ENTRY--TOPICAL TERM |
| Topical term or geographic name entry element |
STRUCTURAL ADJUSTMENT(ECONOMIC POLICY)--AFRICA--CASE STUDIES |
| 650 ## - SUBJECT ADDED ENTRY--TOPICAL TERM |
| Topical term or geographic name entry element |
AFRICA--POLITICS AND GOVERNMENT--CASE STUDIES |
| 650 ## - SUBJECT ADDED ENTRY--TOPICAL TERM |
| Topical term or geographic name entry element |
SUSTAINABLE DEVELOPMENT--AFRICA--CASE STUDIES |
| 650 #0 - SUBJECT ADDED ENTRY--TOPICAL TERM |
| Topical term or geographic name entry element |
STRUCTURAL ADJUSTMENT (ECONOMIC POLICY)--AFRICA--CASE STUDIES |
| 700 ## - ADDED ENTRY--PERSONAL NAME |
| Personal name |
Garrity, Michele, 1951- |
| 710 ## - ADDED ENTRY--CORPORATE NAME |
| Corporate name or jurisdiction name as entry element |
International Institute of Administrative Sciences |
| 995 ## - RECOMMENDATION 995 [LOCAL, UNIMARC FRANCE] |
| -- |
0.00 |
| -- |
CBU-MAIN LIBRARY (Kitwe) |
| -- |
1 |
| -- |
24.50 |
| -- |
1 |
| -- |
AVAILABLE |
| -- |
Annex Low-Usage Collection |